Nuevos elementos de fisiología / (Record no. 163500)

MARC details
000 -LEADER
campo de control de longitud fija 00789nam a22001815i 4500
001 - NÚMERO DE CONTROL
campo de control 163500
003 - IDENTIFICADOR DE NÚMERO DE CONTROL
campo de control ES-MaACL
005 - FECHA Y HORA DE LA ÚLTIMA TRANSACCIÓN
campo de control 20230906212742.0
008 - DATOS DE LONGITUD FIJA--INFORMACIÓN GENERAL
campo de control de longitud fija 951113s1828 sp |||| | spa d
040 ## - FUENTE DE CATALOGACIÓN
Centro catalogador/agencia de origen CARM
Lengua de catalogación spa
Centro/agencia transcriptor CCPB | SIC
100 1# - ENTRADA PRINCIPAL--NOMBRE DE PERSONA
Nombre de persona Richerand, Balthasar-Anthelme.
9 (RLIN) 131798
245 10 - MENCIÓN DEL TÍTULO
Título Nuevos elementos de fisiología /
Mención de responsabilidad, etc. por el Caballero Richerand... ; traducida del frances al castellano de la novena y ultima edición, revista, corregida y aumentada considerablemente sobre las anteriores...
260 ## - PUBLICACIÓN, DISTRIBUCIÓN, ETC.
Lugar de publicación, distribución, etc. Madrid :
Nombre del editor, distribuidor, etc. [s.n.],
Fecha de publicación, distribución, etc. 1828 (
Fabricante Imp. que fue de Fuentenebro)
300 ## - DESCRIPCIÓN FÍSICA
Extensión 4 v. ;
Dimensiones 15 cm.
595 #1 -
-- En t. III consta: "Imprenta de Verges, calle de la Greda"
752 ## - ENTRADA AGREGADA--NOMBRE JERÁRQUICO DEL LUGAR
País o entidad superior España -
Ciudad Madrid
852 ## - LOCALIZACIÓN
Ubicación ES-MaACL
Número de control de estantería F-1089
Nota libre -- Enc. pasta española
condición física -- Sólo t.II
Holdings
Estatus retirado Estado de pérdida Estado de daño No para préstamo Colección Biblioteca de origen Biblioteca actual Ubicación en estantería Fecha de adquisición Fuente de adquisición Total de préstamos Signatura topográfica completa Código de barras Visto por última vez Precio de reemplazo Tipo de ítem Koha
        Libros del s. XIX Biblioteca del Ateneo de Madrid Biblioteca del Ateneo de Madrid Depósito 2 17/01/2008     F-1089 1171331 23/02/2023 23/02/2023 Libro impreso antiguo